| 000 | 00478nam a2200157 i 4500 | ||
|---|---|---|---|
| 001 | 147582 | ||
| 003 | ES-MaACL | ||
| 005 | 20230906202117.0 | ||
| 007 | t| | ||
| 008 | 071003q1972 sp ||||1| spa d | ||
| 100 | 1 |
_aUranga Galdiano, José Esteban. _9112058 |
|
| 245 | 1 | 0 |
_a100 imágenes navarras de la Virgen / _cJosé Esteban Uranga Galdiano. |
| 260 |
_aPamplona : _b[Gráf. Pamplona, _c1972] |
||
| 300 |
_aXIX p. : _bil. ; _c16 cm. |
||
| 852 |
_aES-MaACL _jC-53603 _bR.84597 |
||
| 999 |
_c147582 _d147582 |
||